000 00573nam a2200241 a 4500
001 nice12345678
003 IN_TiNIC
005 20260116011435.0
008 050524s1947 teha grp 000 0 per
020 _a
_c100
082 0 0 _a233
_bLEV
100 _aLevonion, Lutfu
245 _aAya Hayat Jawedani Hast
260 _aTehran
_bShirkat Taba Kitab
_c1947
300 _a32p
500 _aincludes index and biblioraphy
505 2 _aIndex
650 _aMan-Christian Theology
700 1 _aLevonion, Lutfu
902 _bSRS
942 _cBK
999 _c1562
_d1562